Squadra con più Secondi posti in Serie A - Statistics

Statistiche generali
  • Questo quiz è stato fatto 141 volte
    78 dall'ultimo reset
  • Il punteggio medio è 9 su 10
Statistiche sulle risposte
Numero di secondi posti Squadra % Corretto
17 Inter
100%
17 Juventus
100%
3 Lazio
100%
16 Milan
100%
8 Napoli
100%
14 Roma
100%
6 Torino
97%
5 Fiorentina
94%
3 Bologna
86%
2 Parma
65%
Nessun quiz corrispondente trovato
Distribuzione punteggi
Percentuale di utenti per punteggio
Percentile per numero di risposta
I tuoi punteggi nel tempo
Non hai fatto questo quiz dall'ultimo reset